Finančný plán a jeho postavenie v podnikateľskom subjekte diplomová práca

Saved in:
Bibliographic Details
Main Author: Kubáňová, Nadežda
Corporate Author: Národohospodárska fakulta EU. Katedra financií
Other Authors: Mikócziová, Jana
Format: Book
Language:Slovak
Published: Bratislava 2010
Tags: Add Tag
No Tags, Be the first to tag this record!

MARC

LEADER 00000nam$a2200000$$$4500
001 0118950
005 20240318122145.7
041 0 |a slo 
044 |a SK 
245 1 0 |a Finančný plán a jeho postavenie v podnikateľskom subjekte  |b diplomová práca  |c Nadežda Kubáňová ; škol. Jana Mikócziová 
264 1 |a Bratislava  |c 2010 
300 |a 76 s. 
100 1 |a Kubáňová, Nadežda 
700 1 |a Mikócziová, Jana 
710 2 |a Národohospodárska fakulta EU. Katedra financií